Normal view
MARC view
- Williams, J.T .
Entry Personal Name
001 - CONTROL NUMBER
- control field: 1540
003 - CONTROL NUMBER IDENTIFIER
- control field: OSt
005 - DATE AND TIME OF LATEST TRANSACTION
- control field: 20160926124846.0
008 - FIXED-LENGTH DATA ELEMENTS
- fixed length control field: 160926|| aca||aabn | a|a d
040 ## - CATALOGING SOURCE
- Original cataloging agency: OSt
- Transcribing agency: OSt
100 ## - HEADING--PERSONAL NAME
- Personal name: Williams, J.T .
670 ## - SOURCE DATA FOUND
- Source citation: Work cat.: (OSt)1944: Holden, V.H.W . 1539, Crop Genetic Resources : Conservation and Evaluation / , 1984.
